000 00677nam a2200265Ia 4500
005 20260121170750.0
008 008 260114s9999 xx 000 0 eng d
020 _a9783030005368
037 _aEBOOK
040 _aCRL
040 _beng
040 _cCRL
041 _2eng
041 _aeng
084 _qCRL
100 _aAli Gooya, Orcun Goksel, Ipek Oguz, Ninon Burgos
_91067891
245 0 _aSimulation and Synthesis in Medical Imaging
260 _bSpringer
260 _bSpringer
260 _c2018
856 _uhttps://link.springer.com/openurl?genre=book&isbn=978-3-030-00536-8
942 _cEBOOK
999 _c1633621
_d1633621